[Event "Chigorin Memorial 30th"]
[Site "St Petersburg"]
[Date "2023.10.29"]
[Round "9"]
[White "Rybakov, Sergey2"]
[Black "Yatsyshin, Aleksandr"]
[Result "1/2-1/2"]
[WhiteElo "1772"]
[BlackElo "1593"]
[PlyCount "75"]
[EventDate "2023.10.21"]
[EventType "swiss"]
[EventRounds "9"]
[EventCountry "RUS"]
[SourceTitle "Mega2024 Update 01"]
[Source "Chessbase"]
[SourceDate "2023.11.12"]
[SourceVersion "1"]
[SourceVersionDate "2023.11.12"]
[SourceQuality "1"]

1. e4 c5 2. Nf3 d6 3. d4 cxd4 4. Nxd4 Nf6 5. Nc3 a6 6. Be3 e5 7. Nb3 Be7 8. Be2 Be6 9. 0-0 0-0 10. f4 exf4 11. Bxf4 Nc6 12. Kh1 d5 13. exd5 Nxd5 14. Nxd5 Bxd5 15. Bf3 Be6 16. c3 Qb6 17. Qc2 Rfd8 18. Be4 h6 19. Rae1 Qb5 20. Rf3 Bh4 21. Rc1 Rac8 22. Bd3 Qh5 23. Be4 Bd5 24. Bxd5 Qxd5 25. Rcf1 Rd7 26. Bg3 Bxg3 27. Rxg3 Re8 28. Rgf3 Rde7 29. Qf5 Qxf5 30. Rxf5 f6 31. R5f2 Kf7 32. Kg1 Re2 33. Rxe2 Rxe2 34. Rf2 Re1+ 35. Rf1 Re2 36. Rf2 Re1+ 37. Rf1 Re2 38. Rf2 1/2-1/2

[Event "Chigorin Memorial 30th"]
[Site "St Petersburg"]
[Date "2023.10.26"]
[Round "6"]
[White "Yatsyshin, Aleksandr"]
[Black "Miroshnikov, Eduard"]
[Result "1-0"]
[WhiteElo "1593"]
[BlackElo "1210"]
[PlyCount "115"]
[EventDate "2023.10.21"]
[EventType "swiss"]
[EventRounds "9"]
[EventCountry "RUS"]
[SourceTitle "Mega2024 Update 01"]
[Source "Chessbase"]
[SourceDate "2023.11.12"]
[SourceVersion "1"]
[SourceVersionDate "2023.11.12"]
[SourceQuality "1"]

1. e4 c5 2. Nf3 d6 3. d4 cxd4 4. Nxd4 Nf6 5. Nc3 a6 6. f3 e6 7. Be3 b5 8. Bd3 Bb7 9. Qd2 Nbd7 10. g4 Nb6 11. Qf2 Nfd7 12. 0-0-0 Rc8 13. f4 b4 14. Nce2 Nc4 15. Kb1 Nxe3 16. Qxe3 Nc5 17. Rhe1 Be7 18. Nf3 Qc7 19. f5 Nxd3 20. Qxd3 e5 21. Ng3 Qc4 22. Qd2 0-0 23. g5 f6 24. gxf6 Bxf6 25. b3 Qc5 26. Nh5 Rc7 27. Re2 Qc3 28. Re3 Qxd2 29. Nxf6+ gxf6 30. Nxd2 d5 31. exd5 Bxd5 32. Ne4 Bxe4 33. Rxe4 Rfc8 34. Rxb4 Rxc2 35. Rg1+ Kf8 36. Rh4 R8c7 37. Rh6 R2c6 38. Kb2 e4 39. Re1 Re7 40. Rh4 e3 41. Rf4 Rd6 42. Re2 Rd2+ 43. Rxd2 exd2 44. Kc2 Re2 45. Ra4 Rxh2 46. Rxa6 Kg7 47. Ra7+ Kh6 48. a4 Kg5 49. Rd7 Kxf5 50. a5 h5 51. Rxd2 Rh1 52. b4 Ra1 53. Kb2 Ra4 54. Kb3 Ra1 55. Ra2 Rc1 56. a6 Rc8 57. a7 Ra8 58. b5 1-0

[Event "St Petersburg Korchnoi Memorial op"]
[Site "St Petersburg"]
[Date "2023.08.21"]
[Round "6"]
[White "Yatsyshin, Aleksandr"]
[Black "Karelov, Pavel"]
[Result "1-0"]
[WhiteElo "1596"]
[BlackElo "1960"]
[PlyCount "57"]
[EventDate "2023.08.18"]
[EventType "swiss"]
[EventRounds "9"]
[EventCountry "RUS"]
[SourceTitle "EXT 2024"]
[Source "ChessBase"]
[SourceDate "2023.10.10"]
[SourceVersion "1"]
[SourceVersionDate "2023.10.10"]
[SourceQuality "1"]

1. Nf3 c5 2. e4 g6 3. d4 cxd4 4. Nxd4 Bg7 5. c4 Nc6 6. Be3 Nf6 7. Nc3 0-0 8. Be2 b6 9. Qd2 Bb7 10. 0-0-0 Qb8 11. h4 Nxd4 12. Bxd4 e5 13. Be3 Nxe4 14. Nxe4 Bxe4 15. f3 Bc6 16. Bh6 Bxh6 17. Qxh6 f6 18. Bd3 Rf7 19. c5 Qf8 20. Qe3 Kh8 21. h5 gxh5 22. cxb6 axb6 23. Kb1 Bd5 24. a3 Bb3 25. Rc1 d5 26. Rxh5 Qg8 27. Rch1 Qxg2 28. Bxh7 Rg7 29. Bg6+ 1-0

[Event "St Petersburg Korchnoi Memorial op"]
[Site "St Petersburg"]
[Date "2023.08.18"]
[Round "1"]
[White "Temirbekov, Taimaz"]
[Black "Yatsyshin, Aleksandr"]
[Result "1/2-1/2"]
[WhiteElo "2106"]
[BlackElo "1596"]
[PlyCount "73"]
[EventDate "2023.08.18"]
[EventType "swiss"]
[EventRounds "9"]
[EventCountry "RUS"]
[SourceTitle "EXT 2024"]
[Source "ChessBase"]
[SourceDate "2023.10.10"]
[SourceVersion "1"]
[SourceVersionDate "2023.10.10"]
[SourceQuality "1"]

1. e4 c5 2. Nf3 d6 3. d4 cxd4 4. Nxd4 Nf6 5. Nc3 a6 6. h3 e5 7. Nde2 h5 8. g3 Be7 9. Bg2 Be6 10. f4 Qc7 11. 0-0 0-0 12. a4 Bc4 13. b3 Bxe2 14. Nxe2 Nbd7 15. Ba3 Rfe8 16. c4 b5 17. cxb5 axb5 18. Kh1 bxa4 19. bxa4 Nc5 20. Rc1 Nfd7 21. Nc3 Qa5 22. fxe5 Nxe5 23. Qxh5 Ncd3 24. Nd5 Nxc1 25. Bxc1 Bd8 26. Bg5 Qxa4 27. Bxd8 Raxd8 28. Qg5 Ng6 29. Rxf7 Kxf7 30. Qf5+ Kg8 31. Nf6+ gxf6 32. Qxg6+ Kf8 33. Qxf6+ Kg8 34. Qg6+ Kh8 35. Qh6+ Kg8 36. Qg6+ Kh8 37. Qh6+ 1/2-1/2

[Event "Chigorin Memorial 29th"]
[Site "St Petersburg"]
[Date "2022.10.25"]
[Round "4"]
[White "Yurasova, Daria"]
[Black "Yatsyshin, Aleksandr"]
[Result "1-0"]
[WhiteElo "2048"]
[BlackElo "1646"]
[PlyCount "111"]
[EventDate "2022.10.22"]
[EventType "swiss"]
[EventRounds "9"]
[EventCountry "RUS"]
[SourceTitle "EXT 2024"]
[Source "ChessBase"]
[SourceDate "2023.10.10"]
[SourceVersion "1"]
[SourceVersionDate "2023.10.10"]
[SourceQuality "1"]

1. d4 Nf6 2. Bg5 g6 3. Bxf6 exf6 4. e3 d5 5. g3 Bd6 6. Bg2 0-0 7. Ne2 c6 8. 0-0 Nd7 9. Nd2 f5 10. c4 dxc4 11. Nxc4 Bc7 12. Qc2 Nf6 13. b4 Be6 14. Nd2 Bd5 15. Rab1 Rc8 16. Nc3 Bxg2 17. Kxg2 Nd5 18. Nxd5 Qxd5+ 19. Kg1 a6 20. a4 h5 21. h4 f4 22. gxf4 Bd8 23. Qe4 Bxh4 24. Rfc1 Qxe4 25. Nxe4 Be7 26. Nc5 Rc7 27. Rc2 Rd8 28. Kg2 Rd5 29. Nd3 Bd8 30. Rbc1 Kg7 31. Kf3 f6 32. Rc4 f5 33. Rg1 Bf6 34. Rg2 Kh6 35. Nc5 Be7 36. Rc1 Bxc5 37. bxc5 a5 38. Ke2 Rcd7 39. Rcg1 Rg7 40. Kd3 Rdd7 41. f3 Rdf7 42. Rg5 Rf6 43. Ke2 Re7 44. Kf2 Re8 45. Rb1 Rf7 46. Rgg1 Rfe7 47. Rb3 Rf8 48. Rd1 Rd8 49. Rbd3 Rde8 50. Re1 Kg7 51. Rb1 Rd7 52. Rb6 Ree7 53. Rd1 Rf7 54. Ke2 Kh6 55. Kd3 Kg7 56. Rf1 1-0

[Event "Chigorin Memorial 29th"]
[Site "St Petersburg"]
[Date "2022.10.24"]
[Round "3"]
[White "Yatsyshin, Aleksandr"]
[Black "Puzyrevsky, Semen"]
[Result "0-1"]
[WhiteElo "1646"]
[BlackElo "1997"]
[PlyCount "80"]
[EventDate "2022.10.22"]
[EventType "swiss"]
[EventRounds "9"]
[EventCountry "RUS"]
[SourceTitle "EXT 2024"]
[Source "ChessBase"]
[SourceDate "2023.10.10"]
[SourceVersion "1"]
[SourceVersionDate "2023.10.10"]
[SourceQuality "1"]

1. e4 c5 2. Nf3 Nc6 3. d4 cxd4 4. Nxd4 Nf6 5. Nc3 d6 6. Bg5 e6 7. Qd2 a6 8. 0-0-0 Bd7 9. f3 Be7 10. Kb1 b5 11. Nxc6 Bxc6 12. h4 Qc7 13. Bd3 0-0-0 14. a3 Bb7 15. Qf2 Kb8 16. Rhe1 Rc8 17. Bd2 Rhd8 18. Na2 Nd7 19. Bc3 g6 20. Nc1 Nc5 21. Nb3 Nxb3 22. cxb3 Qd7 23. Rc1 Rc6 24. g3 Rdc8 25. b4 Qc7 26. Qe3 h5 27. Red1 Bd8 28. Rc2 Qe7 29. Bd4 e5 30. Ba7+ Ka8 31. Qf2 Qe6 32. Rdc1 Rxc2 33. Rxc2 Rxc2 34. Bxc2 f5 35. Be3 Qf7 36. Qd2 d5 37. Bb3 fxe4 38. fxe4 Qf1+ 39. Ka2 d4 40. Bg5 Bxe4 0-1

[Event "Chigorin Memorial 29th"]
[Site "St Petersburg"]
[Date "2022.10.22"]
[Round "1"]
[White "Yatsyshin, Aleksandr"]
[Black "Zhukov, Anton"]
[Result "0-1"]
[WhiteElo "1646"]
[BlackElo "2193"]
[PlyCount "80"]
[EventDate "2022.10.22"]
[EventType "swiss"]
[EventRounds "9"]
[EventCountry "RUS"]
[SourceTitle "EXT 2024"]
[Source "ChessBase"]
[SourceDate "2023.10.10"]
[SourceVersion "1"]
[SourceVersionDate "2023.10.10"]
[SourceQuality "1"]

1. e4 c5 2. Nf3 d6 3. d4 cxd4 4. Nxd4 Nf6 5. Nc3 a6 6. f3 e5 7. Nb3 Be7 8. Be3 Be6 9. Qd2 0-0 10. 0-0-0 Nbd7 11. g4 b5 12. g5 Nh5 13. Kb1 b4 14. Ne2 a5 15. f4 a4 16. Nbc1 exf4 17. Nxf4 Nxf4 18. Bxf4 Qa5 19. Bxd6 Bxd6 20. Qxd6 Ne5 21. Qd2 Rfd8 22. Bd3 a3 23. b3 Qc5 24. c3 bxc3 25. Qc2 Nc6 26. Bc4 Bxc4 27. Qxc3 Rdb8 28. Ka1 Qxg5 29. Rhg1 Qe5 30. Qxe5 Nxe5 31. bxc4 Nxc4 32. Nb3 Rd8 33. Rd4 Rxd4 34. Nxd4 Rd8 35. Nb3 g6 36. Rc1 Nd2 37. Rc7 Nxe4 38. Kb1 Rd1+ 39. Kc2 Rh1 40. Kd3 Nf2+ 0-1

[Event "Chigorin Memorial 28th"]
[Site "St Petersburg"]
[Date "2021.10.30"]
[Round "8"]
[White "Marinskii, Yurii"]
[Black "Yatsyshin, Aleksandr"]
[Result "1/2-1/2"]
[WhiteElo "2142"]
[BlackElo "1759"]
[PlyCount "112"]
[EventDate "2021.10.23"]
[EventType "swiss"]
[EventRounds "9"]
[EventCountry "RUS"]
[SourceTitle "EXT 2023"]
[Source "ChessBase"]
[SourceDate "2022.10.05"]
[SourceVersion "1"]
[SourceVersionDate "2022.10.05"]
[SourceQuality "1"]

1. e4 c5 2. Nc3 d6 3. g3 Nc6 4. Bg2 g6 5. d3 Bg7 6. f4 e6 7. Nf3 Rb8 8. a4 Nge7 9. 0-0 0-0 10. Be3 Nd4 11. Rb1 a6 12. Ne2 Nxf3+ 13. Bxf3 b5 14. axb5 axb5 15. b4 cxb4 16. Rxb4 Nc6 17. Rb1 Bd7 18. g4 f5 19. gxf5 exf5 20. Kh1 b4 21. Qe1 Qc7 22. Qf2 Be6 23. Ng3 fxe4 24. dxe4 Na5 25. f5 Bf7 26. h4 Nc4 27. Bf4 Ne5 28. h5 Qe7 29. Be2 gxh5 30. Bxh5 Qh4+ 31. Qh2 Qxh2+ 32. Kxh2 Bc4 33. Rfd1 Rfd8 34. Bg5 Rd7 35. f6 Bf8 36. Nf5 Bf7 37. Be2 Bg6 38. Rd4 Bxf5 39. exf5 Rc7 40. c4 Ra7 41. Rb2 Ra1 42. Re4 b3 43. Rxe5 dxe5 44. Bf3 Ra2 45. Bd5+ Kh8 46. Bc1 h5 47. c5 Bxc5 48. Rxa2 bxa2 49. Bxa2 e4 50. Kg3 Re8 51. Be6 e3 52. Kf3 Bd4 53. f7 Rf8 54. Ba3 Kg7 55. Bxf8+ Kxf8 56. Bc4 Bc5 1/2-1/2

[Event "Chigorin Memorial 28th"]
[Site "St Petersburg"]
[Date "2021.10.29"]
[Round "7"]
[White "Yatsyshin, Aleksandr"]
[Black "Chernov, Lev"]
[Result "1-0"]
[WhiteElo "1759"]
[BlackElo "1252"]
[PlyCount "79"]
[EventDate "2021.10.23"]
[EventType "swiss"]
[EventRounds "9"]
[EventCountry "RUS"]
[SourceTitle "EXT 2023"]
[Source "ChessBase"]
[SourceDate "2022.10.05"]
[SourceVersion "1"]
[SourceVersionDate "2022.10.05"]
[SourceQuality "1"]

1. e4 e5 2. Nf3 Nc6 3. Bb5 a6 4. Ba4 Nf6 5. 0-0 b5 6. Bb3 Bc5 7. d3 d6 8. c3 h6 9. h3 Bb6 10. Nbd2 0-0 11. Re1 Ne7 12. a4 Bd7 13. Nf1 Ng6 14. Ng3 c5 15. d4 cxd4 16. cxd4 Bc6 17. Qd3 Qd7 18. d5 Bb7 19. Bd2 Ne7 20. Nh4 Rad8 21. Nhf5 Nxf5 22. Nxf5 Kh7 23. Qg3 Rg8 24. Qh4 h5 25. Bg5 g6 26. Bxf6 Ra8 27. Qg5 Qxf5 28. exf5 Bd4 29. fxg6+ fxg6 30. Bc2 Rg7 31. Bxg7 Kxg7 32. Qe7+ Kh6 33. Qf7 e4 34. Bxe4 Rg8 35. Qxg8 Bg7 36. Qf7 Kh7 37. Bxg6+ Kh6 38. Bxh5 Kg5 39. Qg6+ Kf4 40. Re4# 1-0